| 000 | 00506nam a2200181Ia 4500 | ||
|---|---|---|---|
| 001 | 8984 | ||
| 005 | 20260306160650.0 | ||
| 008 | 260306t2010||||xx |||||||||||||| ||spa|| | ||
| 041 | _aESP | ||
| 082 |
_a372.21 _bG86 |
||
| 100 |
_aGuerrero, Gabriela _eAUT |
||
| 245 | 0 |
_aAlianzas público privadas a favor de la primera infancia en el Perú: _bposiblidades y riesgos de su aplicación |
|
| 260 | _c2010 | ||
| 300 |
_a127 páginas : _c22 cm. |
||
| 650 | _aGEN | ||
| 654 | _aCED | ||
| 942 |
_cLIB _dJUS _fJUS _2ddc _n |
||
| 999 |
_c8984 _d8984 |
||